The noble scholar, jurist, historian


 His Excellency Dr. Abdul Wahhab bin Ibrahim Abu Sulaiman, may Allah have mercy on him.


 He was born in Umm Al-Qura in the year 1356 AH.

زاد المحتاج بشرح المنهاج / (Record no. 5011)

MARC details
000 -LEADER
fixed length control field 01307cam a22002891ia4500
003 - CONTROL NUMBER IDENTIFIER
control field SA-RiAUC
005 - DATE AND TIME OF LATEST TRANSACTION
control field 20250120080231.0
008 - FIXED-LENGTH DATA ELEMENTS--GENERAL INFORMATION
fixed length control field 250120s1982 qa g 000r0 ara c
040 ## - CATALOGING SOURCE
Original cataloging agency SA-RiDAU
Language of cataloging ara
Transcribing agency SA-RiAUC
Description conventions rda
082 04 - DEWEY DECIMAL CLASSIFICATION NUMBER
Classification number 258.3
Assigning agency SA-RiAUC
090 ## - LOCALLY ASSIGNED LC-TYPE CALL NUMBER (OCLC); LOCAL CALL NUMBER (RLIN)
Classification number (OCLC) (R) ; Classification number, CALL (RLIN) (NR) 258.3
Local cutter number (OCLC) ; Book number/undivided call number, CALL (RLIN) ك و هـ
100 1# - MAIN ENTRY--PERSONAL NAME
Personal name الكوهجي، عبد الله بن حسن الحسن،
Dates associated with a name 1921-1989
Relator term مؤلف.
245 10 - TITLE STATEMENT
Title زاد المحتاج بشرح المنهاج /
Statement of responsibility, etc. تأليف عبد الله بن الشيخ حسن الحسن الكوهجي ؛ حققه وراجعه عبد الله بن إبراهيم الأنصاري.
246 30 - VARYING FORM OF TITLE
Title proper/short title شرح المنهاج
250 ## - EDITION STATEMENT
Edition statement الطبعة الأولى.
264 #1 - PRODUCTION, PUBLICATION, DISTRIBUTION, MANUFACTURE, AND COPYRIGHT NOTICE
Place of production, publication, distribution, manufacture قطر :
Name of producer, publisher, distributor, manufacturer الشؤون الدينية،
Date of production, publication, distribution, manufacture, or copyright notice 1982
300 ## - PHYSICAL DESCRIPTION
Extent 4 مجلد ؛
Dimensions 24 سم
336 ## - CONTENT TYPE
Content type term نص
Content type code txt
Source rdacontent
Materials specified كتاب
337 ## - MEDIA TYPE
Media type term بدون وسيط
Media type code n
Source rdamedia
338 ## - CARRIER TYPE
Carrier type term مجلد
Carrier type code nc
Source rdacarrier
650 #7 - SUBJECT ADDED ENTRY--TOPICAL TERM
Topical term or geographic name entry element الفقه الشافعي
Source of heading or term aucsh
700 1# - ADDED ENTRY--PERSONAL NAME
Personal name الأنصاري، عبد الله بن إبراهيم،
Dates associated with a name 1333-1410 هجري
Relator term محقق.
700 12 - ADDED ENTRY--PERSONAL NAME
Personal name النووي، يحيى بن شرف بن مري،
Dates associated with a name 631-676 هجري
740 22 - ADDED ENTRY--UNCONTROLLED RELATED/ANALYTICAL TITLE
Uncontrolled related/analytical title المنهاج في الفقه على مذهب الإمام الشافعي.
942 ## - ADDED ENTRY ELEMENTS (KOHA)
Source of classification or shelving scheme Dewey Decimal Classification
Koha item type Books
949 ## - LOCAL PROCESSING INFORMATION (OCLC)
a SA-JeALM
d 250120
u khaled123
n 1
Holdings
Withdrawn status Lost status Source of classification or shelving scheme Materials specified (bound volume or other part) Damaged status Not for loan Home library Current library Date acquired Total checkouts Full call number Barcode Date last seen Price effective from Koha item type
    Dewey Decimal Classification الجزء الأول     DR AbdElwahab Library DR AbdElwahab Library 01/20/2025   258.3 ك و هـ 000007981 01/20/2025 01/20/2025 Books
    Dewey Decimal Classification الجزء الثاني     DR AbdElwahab Library DR AbdElwahab Library 01/20/2025   258.3 ك و هـ 000007982 01/20/2025 01/20/2025 Books
    Dewey Decimal Classification الجزء الثالث     DR AbdElwahab Library DR AbdElwahab Library 01/20/2025   258.3 ك و هـ 000007983 01/20/2025 01/20/2025 Books
    Dewey Decimal Classification الجزء الرابع     DR AbdElwahab Library DR AbdElwahab Library 01/20/2025   258.3 ك و هـ 000007984 01/20/2025 01/20/2025 Books